Rivington's building construction (Record no. 103315)
[ view plain ]
| 000 -LEADER | |
|---|---|
| fixed length control field | 00994cam a2200253 4500 |
| 008 - FIXED-LENGTH DATA ELEMENTS--GENERAL INFORMATION | |
| fixed length control field | 040128n2004 000 0 eng u |
| 020 ## - INTERNATIONAL STANDARD BOOK NUMBER | |
| International Standard Book Number | 1873394667 |
| 035 ## - SYSTEM CONTROL NUMBER | |
| System control number | (Sirsi) u124934 |
| 041 ## - LANGUAGE CODE | |
| Language code of text/sound track or separate title | eng |
| 050 ## - LIBRARY OF CONGRESS CALL NUMBER | |
| Classification number | 690 |
| -- | 18 |
| 100 ## - MAIN ENTRY--PERSONAL NAME | |
| Personal name | Smith, Percy |
| 245 ## - TITLE STATEMENT | |
| Title | Rivington's building construction |
| 260 ## - PUBLICATION, DISTRIBUTION, ETC. | |
| Place of publication, distribution, etc. | Shaftesbury |
| Name of publisher, distributor, etc. | Donhead |
| Date of publication, distribution, etc. | 2004 |
| 300 ## - PHYSICAL DESCRIPTION | |
| Extent | 3 |
| Type of unit | v. (346; xviii, 422; 520p.) |
| Other physical details | ill. |
| Dimensions | 25cm. |
| 350 ## - PRICE (NR) (BK AM CF MU VM SE) [OBSOLETE] | |
| Price | 99.50 |
| 490 ## - SERIES STATEMENT | |
| Series statement | Rivington's Series of Notes on Building Construction |
| 520 ## - SUMMARY, ETC. | |
| Summary, etc. | This three volume work provides a comprehensive appraisal of the forms, methods and materials used in building construction. This edition was originally published in 1904 to meet the requirements of the syllabus of the Board of Education, South Kensington. |
| 650 ## - SUBJECT ADDED ENTRY--TOPICAL TERM | |
| Topical term or geographic name entry element | BUILT ENVIRONMENT-BUILDING MATERIALS |
| 650 ## - SUBJECT ADDED ENTRY--TOPICAL TERM | |
| Topical term or geographic name entry element | CONSTRUCTION METHODS |
| 650 ## - SUBJECT ADDED ENTRY--TOPICAL TERM | |
| Topical term or geographic name entry element | CONSTRUCTION TECHNIQUES |
| 650 ## - SUBJECT ADDED ENTRY--TOPICAL TERM | |
| Topical term or geographic name entry element | BUILT ENVIRONMENT-BUILDING MATERIALS |
| 690 ## - LOCAL SUBJECT ADDED ENTRY--TOPICAL TERM (OCLC, RLIN) | |
| Topical term or geographic name as entry element | BUILT ENVIRONMENT |
| 942 ## - ADDED ENTRY ELEMENTS (KOHA) | |
| Suppress in OPAC | 0 |
| Withdrawn status | Lost status | Source of classification or shelving scheme | Damaged status | Not for loan | Home library | Current library | Shelving location | Date acquired | Cost, normal purchase price | Total Checkouts | Full call number | Barcode | Date last seen | Date last checked out | Copy number | Cost, replacement price | Price effective from | Koha item type |
|---|---|---|---|---|---|---|---|---|---|---|---|---|---|---|---|---|---|---|
| Dewey Decimal Classification | London | London | Books | 24/05/2004 | 84.57 | 4 | 690 SMI VOL 1 | 30068756 | 06/08/2019 | 01/08/2006 | 1 | 84.57 | 06/08/2019 | Book | ||||
| Dewey Decimal Classification | London | London | Books | 24/05/2004 | 4 | 690 SMI VOL 2 | 30068760 | 06/08/2019 | 26/05/2006 | 1 | 06/08/2019 | Book | ||||||
| Dewey Decimal Classification | London | London | Books | 24/05/2004 | 3 | 690 SMI VOL 3 | 30068764 | 06/08/2019 | 26/05/2006 | 1 | 06/08/2019 | Book |